idioms - Statistiques

Statistiques générales
  • Ce quiz a été pris 7 fois
  • Le résultat moyen est 10 sur 25
Statistiques - réponses
Hint Réponse % Correct
Someone who is excessively scared or afraid. a scaredy-cat
75%
Someone that you’re pleased to see. a sight for sore eyes
75%
More than is reasonable; a bit too much. a bit much
50%
A busy, active person who moves quickly from task to task. a busy bee
50%
Cats seem to get away with dangerous things. a cat has nine lives
50%
A short sleep during the day. a cat nap
50%
Slightly better than. a cut above
50%
To a very large extent. a great deal
50%
Someone who is part of an experiment or trial. a guinea pig
50%
An advantage, a boost. a leg up
50%
Someone who is not very social with other people. a lone wolf
50%
A lot to do. a lot on my plate
50%
Superior to; higher in quality. a notch above
50%
A very short distance. a stone's throw
50%
Far past the desired time. about time
25%
On the point of, occurring imminently. about to
25%
Abnormally stupid, not really sane. a few sandwiches short of a picnic
25%
More than what seems to be the maximum. a hundred and ten percent
25%
A vehicle that does not work properly. a lemon
25%
An independent existence. a life of its own
25%
I don't wish to divulge where I got the information. a little bird told me
25%
What are you thinking? a penny for your thoughts
25%
A visual presentation can communicate something very effectively. a picture is worth a thousand words
25%
A person or object in a vulnerable position that is easy to attack or injure. a sitting duck
25%
Unnecessary anger or worry about an unimportant or trivial matter. a storm in a teacup
25%
Aucun quiz correspondant
Distribution des résultats
% des personnes avec chaque résultat
Percentile par nombre de réponses
Votre historique - résultats
Vous n’avez pas pris ce quiz